<?xml version="1.0" encoding="UTF-8"?>
<record
    xmlns:xsi="http://www.w3.org/2001/XMLSchema-instance"
    xsi:schemaLocation="http://www.loc.gov/MARC21/slim http://www.loc.gov/standards/marcxml/schema/MARC21slim.xsd"
    xmlns="http://www.loc.gov/MARC21/slim">

  <leader>00622nam a2200181Ia 4500</leader>
  <controlfield tag="001">IA_BF233 S46 1996</controlfield>
  <controlfield tag="002">SENSORY TESTING METHODS</controlfield>
  <controlfield tag="008">220117s    xx            000 0 und d</controlfield>
  <datafield tag="010" ind1=" " ind2=" ">
    <subfield code="a">184646</subfield>
  </datafield>
  <datafield tag="650" ind1=" " ind2=" ">
    <subfield code="a">Evaluaci&#xF3;n sensorial  </subfield>
    <subfield code="9">38915</subfield>
  </datafield>
  <datafield tag="650" ind1=" " ind2=" ">
    <subfield code="a">Senses and sensation </subfield>
    <subfield code="x"></subfield>
    <subfield code="x"> Testing  </subfield>
    <subfield code="9">157515</subfield>
  </datafield>
  <datafield tag="650" ind1=" " ind2=" ">
    <subfield code="a">Sensory evaluation</subfield>
    <subfield code="9">147012</subfield>
  </datafield>
  <datafield tag="650" ind1=" " ind2=" ">
    <subfield code="a">Sentidos y sensaciones </subfield>
    <subfield code="x"></subfield>
    <subfield code="x"> Pruebas  </subfield>
    <subfield code="9">157516</subfield>
  </datafield>
  <datafield tag="700" ind1=" " ind2=" ">
    <subfield code="a">Chambers, Edgar, ed. </subfield>
    <subfield code="9">157517</subfield>
  </datafield>
  <datafield tag="700" ind1=" " ind2=" ">
    <subfield code="a">Wolf, Mona Baker, ed.</subfield>
    <subfield code="9">157518</subfield>
  </datafield>
  <datafield tag="710" ind1=" " ind2=" ">
    <subfield code="a">ASTM Committee E18 on Sensory Evaluation of Materials and Products</subfield>
    <subfield code="9">157519</subfield>
  </datafield>
  <datafield tag="942" ind1=" " ind2=" ">
    <subfield code="c">664.07 S46 1996</subfield>
  </datafield>
  <datafield tag="999" ind1=" " ind2=" ">
    <subfield code="c">184646</subfield>
    <subfield code="d">184646</subfield>
  </datafield>
</record>
